Normal view
MARC view
- AISWARYA.E S
Entry Personal Name
001 - CONTROL NUMBER
- control field: 5500
003 - CONTROL NUMBER IDENTIFIER
- control field: OSt
005 - DATE AND TIME OF LATEST TRANSACTION
- control field: 20230624153532.0
008 - FIXED-LENGTH DATA ELEMENTS
- fixed length control field: 230624|| aca||aabn | a|a d
040 ## - CATALOGING SOURCE
- Original cataloging agency: OSt
- Transcribing agency: OSt
100 ## - HEADING--PERSONAL NAME
- Personal name: AISWARYA.E S
- Personal name: AJSAR MUHAMMED RAFEEQ
- Personal name: ARJUN RAJ. M P
- Personal name: DARSHANA.M.NAIR
670 ## - SOURCE DATA FOUND
- Source citation: Work cat.: (OSt)17721: AISWARYA.E S AJSAR MUHAMMED RAFEEQ ARJUN RAJ. M P DARSHANA.M.NAIR, EVALUATION OF MICROFILTRATION OF TENDER COCONUT WATER, 2023
